GETS Theological Seminary Library

The Biblical archaeologist reader: (Record no. 2564)

MARC details
000 -LEADER
fixed length control field 00614nam a2200205Ia 4500
008 - FIXED-LENGTH DATA ELEMENTS--GENERAL INFORMATION
fixed length control field 200812s9999 xx 000 0 und d
020 ## - INTERNATIONAL STANDARD BOOK NUMBER
International Standard Book Number 0891300023
020 ## - INTERNATIONAL STANDARD BOOK NUMBER
International Standard Book Number 9780891300021
041 ## - LANGUAGE CODE
Language code of text/sound track or separate title eng
050 ## - LIBRARY OF CONGRESS CALL NUMBER
Classification number BS621.
Item number .F732 1975
100 ## - MAIN ENTRY--PERSONAL NAME
Personal name Freedman, David Noel
245 ## - TITLE STATEMENT
Title The Biblical archaeologist reader:
Remainder of title Vol. 2 /
Statement of responsibility, etc. David Noel Freedman; Edward Fay Campbell
260 ## - PUBLICATION, DISTRIBUTION, ETC.
Place of publication, distribution, etc. Missoula :
Name of publisher, distributor, etc. Scholars Press,
Date of publication, distribution, etc. 1975
300 ## - PHYSICAL DESCRIPTION
Extent xx, 420 p. :
Other physical details ill. ;
Dimensions 21 cm.
650 ## - SUBJECT ADDED ENTRY--TOPICAL TERM
Topical term or geographic name entry element Bible -- Antiquities.
650 ## - SUBJECT ADDED ENTRY--TOPICAL TERM
Topical term or geographic name entry element Middle East -- Antiquities.
700 ## - ADDED ENTRY--PERSONAL NAME
Personal name Campbell, Edward Fay
949 ## - LOCAL PROCESSING INFORMATION (OCLC)
v v.2
Holdings
Withdrawn status Lost status Damaged status Not for loan Home library Current library Shelving location Date acquired Total Checkouts Full call number Barcode Date last seen Price effective from Koha item type
        GETS Theological Seminary Library GETS Theological Seminary Library General Stacks 08/12/2020   BS621 .F732 1975 00001441 08/12/2020 08/12/2020 English Books
OpacCredits

Contact the Librarian, GETS Library
Email: library@mygets.org









Implemented by GETS Library
(Powered by ETCA Professional Group)
GETS Theological Seminary
412 E. Rowland Street, CA 91723